Sports Quiz

Random Sports or Baseball Quiz

Big 4 Expansion Teams Quiz Stats

 Plays Quiz Updated Jul 8, 2021

     
Support Sporcle.
Go Orange.
Score 0/18 Timer 04:00
4 Plays Today
Year Team % Correct
NFLHouston Texans
84.1%
NHLVegas Golden Knights
78.8%
NFLJacksonville Jaguars
75.2%
NFLCarolina Panthers
74.2%
MLBTampa Bay Devil Rays
70.3%
NFLCleveland Browns
69.4%
MLBFlorida Marlins
68.9%
NBACharlotte Bobcats
68.8%
MLBArizona Diamondbacks
65.3%
Year Team % Correct
MLBColorado Rockies
59.3%
NBAVancouver Grizzlies
56.6%
NHLMinnesota Wild
53.8%
NBAToronto Raptors
53.5%
NHLAtlanta Thrashers
52%
NHLColumbus Blue Jackets
50.8%
NBAOrlando Magic
49.1%
NHLSeattle Kraken
44%
NBAMinnesota Timberwolves
39.1%

From the Vault

Movie Pets

by emberly13

Movies 6m
Not all these pets make it to the end of the movie and well that's just not right.
Remove Ads.
Support Sporcle.
Get the best of Sporcle when you Go Orange. This ad-free experience offers more features, more stats, and more fun while also helping to support Sporcle. Thank you for becoming a member.

Show Comments

Extras

Top Quizzes Today


Score Distribution

Your Account Isn't Verified!

In order to create a playlist on Sporcle, you need to verify the email address you used during registration. Go to your Sporcle Settings to finish the process.

Report this User

Report this user for behavior that violates our Community Guidelines.

Details: